[Event "10th KiiT Festival 2017"]
[Site "Bhubaneshwar"]
[Date "2017.06.02"]
[Round "10"]
[White "Shyaamnikhil P"]
[Black "Roy Chowdhury, Saptarshi"]
[Result "1-0"]
[WhiteElo "2457"]
[BlackElo "2326"]
[Annotator "TA"]
[PlyCount "105"]
[EventDate "2017.05.26"]
[EventType "swiss"]
[EventCountry "IND"]
[SourceTitle "playchess.com"]
[Source "ChessBase"]
[SourceQuality "1"]

{[%evp 15,105,-13,-14,-3,15,10,10,2,22,0,0,0,0,4,0,0,26,28,39,41,37,34,68,36,64,58,61,67,71,55,68,34,78,51,149,142,150,142,147,141,156,0,36,0,160,156,147,154,147,150,189,120,132,130,123,124,137,118,175,163,158,165,172,141,175,137,140,134,153,131,147,136,152,152,203,197,208,204,185,164,168,178,192,190,202,184,296,300,350,339,329,318]} 1. e4 c5 2. Nf3 Nc6 3. Bb5 g6 4. Bxc6 bxc6 5. O-O Bg7 6. Re1 Nf6 7. c3 O-O 8. h3 d6 {LiveBook: 16 Games} 9. d4 {B31: Sicilian: 2...Nc6 3 Bb5 g6} Nd7 (9... cxd4 10. cxd4 c5 11. e5 dxe5 12. dxe5 Qxd1 13. Rxd1 Nd7 14. Bf4 Nb6 15. Na3 Bb7 16. Rac1 Rac8 {½-½ (62) Vallejo Pons,F (2706)-Guseinov,G (2631) Khanty-Mansiysk 2013}) 10. Be3 cxd4 11. cxd4 {The position is equal.} Rb8 12. Qd2 c5 13. Nc3 cxd4 14. Nxd4 {Black must now prevent Nc6.} Bb7 15. Bh6 $146 ({Predecessor:} 15. Rac1 a6 16. Bh6 Nf6 17. Bxg7 Kxg7 {½-½ (32) Latta,H (2131)-Vecek,M (2277) ICCF email 2013}) 15... Nf6 16. Rad1 Qb6 17. Bxg7 Kxg7 18. e5 dxe5 19. Rxe5 e6 20. Na4 $1 {[%cal Ra4b6]} Qd8 21. Qe1 {Threatens to win with Nxe6+!} Qe8 22. Ra5 Ra8 23. Rc1 {aiming for Rc7.} (23. Nc5 $5 {[%cal Rc5b7]} Bd5 24. b4 $14 (24. Qe5 Qb8 $11)) 23... Bd5 24. Qe5 (24. Nb5 $5 {[%cal Rb5c7]}) 24... Qd8 ({Black should try} 24... Qb8 $14 25. Rc7 Rc8) 25. Rc7 $16 Kg8 26. Nc3 $1 $36 {[%cal Rc3d5][%mdl 2048] White has strong initiative.} ({Don't play} 26. Raxa7 Rxa7 27. Rxa7 Ne4 $14) 26... Nd7 27. Qd6 Nf6 28. Qe5 (28. Qxd8 $1 $16 Rfxd8 29. Raxa7) 28... Nd7 $1 $14 {[%cal Rd7e5]} 29. Qd6 ({Better is} 29. Qg3 $14 Nf6 30. Qe5) 29... Nf6 $16 {[#]} 30. Qxd8 $1 Rfxd8 31. Raxa7 Rxa7 32. Rxa7 e5 33. Nc2 (33. Ndb5 $18) 33... Be6 34. Ne3 Rb8 35. Ned1 Nd7 36. Rc7 Nb6 (36... Kf8 $16 37. a4 Ke7) 37. Ne3 $18 Nd7 38. b3 Kf8 39. Kf1 Ke8 40. Nc4 Kd8 {[#]} 41. Rc6 $1 Ke7 42. Ke1 h5 43. h4 Rb7 44. Kd2 Nb8 (44... f5 $16 45. Ke3 Bf7) 45. Rb6 Rxb6 46. Nxb6 {[%mdl 4096] Endgame KBN-KNN} Nc6 47. Ncd5+ Kd6 48. Ne3 Kc5 49. Na4+ Kb5 50. Nc3+ Kc5 (50... Kb6 {was called for.} 51. g3 f5 52. Na4+ Kb5) 51. Ne4+ {White has a decisive advantage.} Kb4 52. Nc2+ Kb5 53. Ng5 {Precision: White = 69%, Black = 54%.} 1-0

[Event "10th KiiT Festival 2017"]
[Site "Bhubaneshwar"]
[Date "2017.06.02"]
[Round "10"]
[White "Neelotpal, Das"]
[Black "Krishna C R G"]
[Result "1/2-1/2"]
[WhiteElo "2438"]
[BlackElo "2392"]
[Annotator "TA"]
[PlyCount "93"]
[EventDate "2017.05.26"]
[EventType "swiss"]
[EventCountry "IND"]
[SourceTitle "playchess.com"]
[Source "ChessBase"]
[SourceQuality "1"]

{[%evp 21,93,65,89,91,101,104,97,101,111,100,150,99,157,160,214,203,189,40,126,79,60,67,82,69,143,122,291,180,172,115,213,106,336,261,418,405,388,385,347,97,313,311,337,303,481,281,328,272,266,116,119,96,94,89,96,112,102,126,314,306,306,305,314,305,293,293,228,0,0,0,0,0,0,0]} 1. Nf3 f5 2. g3 Nf6 3. Bg2 g6 4. O-O Bg7 5. d4 {[%cal Bd2d4,Bd4d5][%mdl 32]} O-O 6. c4 d6 7. Nc3 Nc6 8. d5 Ne5 9. Nxe5 dxe5 10. Qb3 h6 11. Bd2 {A89: Dutch Defence: Leningrad System: 5 Nf3 0-0 6 0-0 d6 7 Nc3 Nc6} (11. c5 Kh8 12. Rd1 g5 13. Bd2 e4 14. Rac1 a6 15. Be1 Qe8 16. d6 c6 17. dxe7 Qxe7 18. Rd6 Ne8 19. Rcd1 Nxd6 20. cxd6 Qf7 21. Qxf7 Rxf7 {0-1 (34) Demuth,A (2535)-Rapport,R (2721) Gibraltar 2016}) 11... Kh8 {LiveBook: 3 Games} 12. Rad1 a6 $146 ({Predecessor:} 12... g5 13. c5 a6 14. Na4 e6 15. d6 cxd6 16. cxd6 Nd7 17. Qxe6 Rb8 18. Qe7 Qxe7 19. dxe7 {½-½ (53) Hardicsay,P (2380)-Gietl,T (2220) Boeblingen 1995}) 13. e4 {[%cal Be2e4,Be4e5,Be5e6][%mdl 32] White is better.} f4 14. gxf4 exf4 15. Ne2 g5 16. Bc3 (16. e5 $142 Ng4 17. e6) 16... Qe8 (16... Nh5 $142) 17. e5 $16 Ng4 (17... Nh5 $16) 18. e6 $1 $18 Ne5 19. f3 (19. Be4 $18) 19... c5 (19... b5 $14) 20. Qa3 b5 21. cxb5 Bb7 $1 22. Qxc5 Rc8 {[#]} (22... Qxb5 $14 23. Qxe7 Bxd5) 23. Qa7 $1 $16 {[%cal Ra7b7]} Ba8 $2 (23... Qxb5 $16 24. Nd4 Qxd5) 24. b6 {Black must now prevent b7.} Rb8 25. Qxa6 (25. d6 $18 exd6 26. Rxd6) 25... Kg8 (25... Qd8 $16) 26. Nc1 (26. a4 $18 {is more deadly.}) 26... Rf5 $2 (26... Qd8 $16 {was necessary.}) 27. Qe2 Qh5 $2 (27... Qg6 {might work better.} 28. d6 Qxe6) 28. Nd3 Nc4 29. Bxg7 Kxg7 30. Rc1 $2 (30. Qe4 $18 {and White stays clearly on top.} Ne3 31. Ne5) 30... Ne3 $2 (30... Bxd5 $16 31. Nb4 Ne3) 31. Rc7 $18 Nxd5 32. Ra7 Ne3 (32... Qe8 $142 33. Qe4 Ne3) 33. Qe1 (33. Rxe7+ $142 Kf8 34. Rc7) 33... Qe8 34. Qc3+ Kg8 35. Ne5 (35. Bh3 $18 {and the rest is easy.} Rd5 36. Ne5) 35... Rxb6 $16 36. Bh3 Rxe5 37. Qxe5 {Rc1 is the strong threat.} Nxf1 38. Bxf1 Bxf3 39. Rd7 Rb8 $2 {[#]} (39... Qf8 $16) 40. Rxe7 $1 $18 {[%mdl 512]} Qxe7 41. Qxb8+ Kg7 {[%cal Re7c5] [#]} 42. Qe5+ $1 Kg6 {( -> ...Qa7+)} 43. Bd3+ Kh5 44. Be2 $2 ({Better is} 44. Bf5 $18) 44... Bxe2 $11 {The position is equal.} 45. Qxe2+ Kg6 46. Qe4+ Kf6 47. Qd4+ {Precision: White = 54%, Black = 27%.} 1/2-1/2

[Event "10th KiiT Festival 2017"]
[Site "Bhubaneshwar"]
[Date "2017.06.02"]
[Round "10"]
[White "Reefat, Bin-Sattar"]
[Black "Karthik Venkataraman"]
[Result "1/2-1/2"]
[WhiteElo "2437"]
[BlackElo "2317"]
[Annotator "TA"]
[PlyCount "126"]
[EventDate "2017.05.26"]
[EventType "swiss"]
[EventCountry "IND"]
[SourceTitle "playchess.com"]
[Source "ChessBase"]
[SourceQuality "1"]

{[%evp 9,126,52,71,-3,7,25,57,-20,35,4,35,29,28,28,52,46,47,3,38,6,49,45,54,0,10,8,3,0,0,0,0,10,21,29,37,25,33,17,34,11,40,-20,0,0,0,0,25,21,21,24,20,27,82,48,47,44,86,0,0,0,0,0,0,0,0,0,0,0,0,0,0,0,0,-5,0,0,0,-12,0,0,0,0,0,0,0,0,0,-9,-20,-26,-29,-37,-44,-45,-29,-39,0,0,0,0,0,0,0,0,0,0,0,-56,0,0,0,0,0,-48,-38,-85,-31,-104,4]} 1. e4 g6 2. d4 Nf6 3. e5 Nh5 4. Be2 d6 5. f4 (5. exd6 Qxd6 6. Bf3 Nc6 7. Ne2 e5 8. d5 Ne7 9. O-O Bg7 10. c4 O-O 11. Nbc3 Nf6 12. Ng3 Nf5 13. Nxf5 Bxf5 {½-½ (42) Leko,P (2731)-Nepomniachtchi,I (2714) Sochi 2014}) 5... Ng7 6. Be3 {B06: Modern Defence} ({White should play} 6. Nf3 $16) 6... Nf5 $146 ({Predecessor:} 6... h5 7. Nc3 Bf5 8. Nf3 e6 9. O-O Nd7 10. Qd2 Be7 11. d5 O-O 12. Rad1 Nb6 13. exd6 Bxd6 14. dxe6 Bxe6 {1-0 (40) Townsend,P (2224)-Jones,R (2076) Birmingham 2000}) 7. Bf2 h5 8. Bf3 (8. Nc3 $14) 8... c6 (8... Bh6 $11) 9. Ne2 Na6 10. a3 Be6 11. Nbc3 Nc7 12. Qd3 Bh6 13. g3 Qd7 14. Ne4 b6 15. O-O-O d5 16. Ng5 Bxg5 $1 17. fxg5 Ng7 18. Nf4 Bf5 19. Qe3 Nce6 20. h3 Nxg5 21. Nxh5 gxh5 (21... Nxf3 $2 22. Nxg7+ Kf8 23. e6 $18) 22. Qxg5 Bg6 23. g4 (23. Qd2 {keeps more tension.} O-O-O 24. Kb1 Kb7 25. Rde1 Rdf8 26. Qe2) 23... Ne6 24. Qe3 h4 25. g5 (25. Rhf1 $14) 25... Bf5 26. Bg4 Bxg4 27. hxg4 c5 28. dxc5 Nxc5 29. Qf4 Ne6 30. Qf5 Nf8 (30... h3 $11 {keeps the balance.}) 31. Rxh4 Rxh4 32. Bxh4 Ng6 33. Bg3 (33. Bf2 $16) 33... e6 $11 34. Qf6 Rc8 35. Rd2 Qa4 36. Rf2 Rc7 37. Qf3 b5 38. Kb1 b4 39. axb4 Qxb4 40. Bf4 Qe1+ 41. Ka2 Qb4 ({Not} 41... Nxe5 $2 42. Qe2 $18) 42. Kb1 Qe1+ 43. Ka2 Qb4 ({Don't go for} 43... Nxe5 $2 44. Qe2 $18) 44. Bc1 Nxe5 45. Qg3 Qa5+ ({Avoid the trap} 45... Nxg4 $2 46. Qxc7 Qa4+ 47. Kb1 $18) 46. Kb1 Ng6 47. Bd2 Qc5 48. Bc1 a5 49. Rh2 a4 50. Be3 Qc4 {Strongly threatening ...a3!} 51. Qd6 Qc6 52. Qa3 Rb7 53. Bc5 Qb5 54. Rf2 Qc4 55. Qe3 Qxg4 56. Ba3 {Black should prevent Qc3.} Qc4 57. Qh3 {[#] And now Qh7 would win.} Qd4 $1 {[%cal Rd4f2]} 58. Qg3 ({White should try} 58. Qf1 $11) 58... Qe5 (58... Ne5 $1 $15 59. Ka2 Ng6) 59. Qg2 Rc7 60. Rf1 Rc4 61. Rh1 Rf4 62. Qg1 Qc7 ({Better is} 62... d4 $17 63. Qd1 Qb5) 63. Rh7 (63. Qg2 $15) 63... Re4 {Precision: White = 49%, Black = 43%.} (63... d4 $17 64. Rh1 Qb7) 1/2-1/2

[Event "10th KiiT Festival 2017"]
[Site "Bhubaneshwar"]
[Date "2017.06.02"]
[Round "10"]
[White "Khusenkhojaev, Muhammad"]
[Black "Rahman, Ziaur"]
[Result "1/2-1/2"]
[WhiteElo "2433"]
[BlackElo "2526"]
[Annotator "TA"]
[PlyCount "85"]
[EventDate "2017.05.26"]
[EventType "swiss"]
[EventCountry "IND"]
[SourceTitle "playchess.com"]
[Source "ChessBase"]
[SourceQuality "1"]

{[%evp 11,85,16,27,3,23,20,13,0,0,0,0,0,0,-29,3,13,6,0,14,0,56,55,72,61,149,159,156,161,129,77,75,56,68,57,97,95,115,107,108,49,77,64,83,41,116,37,54,73,61,35,39,14,12,6,56,20,41,34,53,53,53,53,75,0,2,0,0,0,5,6,13,0,29,0,0,0]} 1. d4 e6 2. Nf3 c5 3. g3 b5 (3... Nf6 4. Bg2 cxd4 5. O-O Nc6 6. Nxd4 Bc5 7. Nb3 Be7 8. c4 O-O 9. Nc3 b6 10. Bf4 Bb7 11. Rc1 d6 12. Nb5 Ne8 13. Qd2 a6 14. Nc3 Qb8 15. Rfd1 Nd8 16. Ne4 e5 17. Bg5 {1-0 (54) Aronian,L (2792)-Carlsen,M (2855) Paris 2016}) 4. Bg2 Bb7 5. O-O Na6 6. b3 {A43: Schmid Benoni} Nf6 {LiveBook: 4 Games} 7. Bb2 Be7 8. Nbd2 {[%cal Bb1d2,Bd2c4,Bc4e5][%mdl 32] White has an edge.} O-O 9. c4 bxc4 10. Nxc4 d5 11. Nce5 Rc8 12. dxc5 $146 ({Predecessor:} 12. Rc1 h6 13. dxc5 Nxc5 14. b4 {½-½ (71) Kruljac,P (2066)-Szczepkowska,K (2390) Bol 2015}) 12... Bxc5 13. a3 Ne4 14. b4 Bb6 15. Nd4 Qc7 (15... f6 $11 16. Bxe4 (16. Nxe6 Nxf2 17. Qb3 Qd6 $11) 16... dxe4 17. Nxe6 Qxd1 18. Raxd1 Rfe8 19. Nxg7 Kxg7) 16. Nb5 $14 Qc2 17. Bd4 Nd2 {[#]} (17... Qxd1 $14 18. Rfxd1 Bxd4 19. Nxd4 Nc3) 18. Bxb6 $1 $16 axb6 19. Rc1 Qf5 20. Qxd2 (20. Nd7 $142 Nxf1 21. Nxf8 Rxf8 22. Nd6 (22. Qxf1 Rd8 $14) (22. Kxf1 Qf6 $14) (22. Bxf1 Qe5 $16)) 20... Qxe5 21. e3 Qb8 22. Rfd1 Bc6 {[#]} 23. Bf1 $1 Bxb5 24. Bxb5 Nc7 {[%cal Ba6c7,Bc7e8,Be8f6,Bf6d5][%mdl 32]} 25. Bc6 (25. Bf1 $16) 25... Rfd8 26. a4 g6 27. b5 Qa7 (27... Ne8 $14) 28. Ra1 (28. e4 $16) 28... Ne8 29. e4 {[%cal Re4d5]} Nf6 30. exd5 Nxd5 31. a5 bxa5 32. Qxa5 Qc5 33. Rdc1 Qd4 34. Rab1 {And now b6 would win.} Rb8 35. Rd1 Qc5 36. Rbc1 Qe7 37. Bxd5 ({White should try} 37. h4 $16) 37... exd5 38. b6 d4 39. Rc7 Qe6 40. b7 {Threatens to win with Re1.} d3 41. Qd2 h5 42. h4 Qb3 43. Rc3 {Precision: White = 46%, Black = 35%.} 1/2-1/2

[Event "10th KiiT Festival 2017"]
[Site "Bhubaneshwar"]
[Date "2017.06.02"]
[Round "10"]
[White "Laxman, R R"]
[Black "Grover, Sahaj"]
[Result "0-1"]
[WhiteElo "2417"]
[BlackElo "2478"]
[Annotator "TA"]
[PlyCount "78"]
[EventDate "2017.05.26"]
[EventType "swiss"]
[EventCountry "IND"]
[SourceTitle "playchess.com"]
[Source "ChessBase"]
[SourceQuality "1"]

{[%evp 11,78,14,45,0,-1,-50,-56,-64,-28,-27,-12,-18,-20,-98,-46,-46,-47,-68,-57,-180,-175,-239,-238,-235,-236,-263,-283,-270,-216,-274,-275,-272,-278,-276,-268,-288,-277,-349,-284,-277,-257,-345,-331,-437,-375,-419,-410,-468,-440,-472,-309,-421,-362,-371,-346,-563,-561,-685,-679,-622,-613,-678,-632,-1239,-555,-29985,-29986,-29986,-29987]} 1. Nf3 c5 2. b3 Nf6 3. Bb2 g6 4. c4 Bg7 5. g3 O-O 6. Bg2 Nc6 7. d4 {A30: Symmetrical English: Double Fianchetto and Hedgehog} (7. O-O d6 8. d4 cxd4 9. Nxd4 Bd7 10. e3 Qc8 11. Re1 Bh3 12. Bh1 Qd7 13. Nc3 Rac8 14. Qd2 h5 15. Rac1 h4 16. Nf3 hxg3 17. hxg3 e5 18. Ng5 {1-0 (44) Inarkiev,E (2732)-Hou,Y (2658) Petropavlovsk Kamchatsky 2016}) 7... d5 8. cxd5 Nxd5 9. O-O {Black is slightly better.} Bg4 10. Ne5 $1 {[%cal Re5g4]} Nxe5 11. dxe5 Nb4 {Strongly threatening ...Qxd1.} 12. Be4 $146 {[#]} (12. Bxb7 $11 Qxd1 13. Rxd1) ({Predecessor:} 12. Na3 Qxd1 13. Rfxd1 Bxe2 {1-0 (46) Mapelle,J-Bitter,L Paris 1993}) 12... Qxd1 (12... Qc7 $1 $17 13. Nc3 Rad8) 13. Rxd1 $15 Rad8 $36 {[%mdl 2048] White is under pressure.} 14. Nc3 Bxe5 15. f3 ({White should try} 15. Bxb7 $15 Rd6 16. Kg2) 15... Be6 $19 16. Rab1 (16. Bxb7 $142 c4 17. Rab1) 16... Bxc3 17. Bxc3 Nxa2 18. Ba5 Rxd1+ 19. Rxd1 Rb8 ({Don't take} 19... Bxb3 20. Rb1 $17) 20. Bd5 Bxd5 21. Rxd5 {[%mdl 4096] Endgame KRB-KRN} Nc1 22. Rxc5 Nxb3 ({But not} 22... Nxe2+ 23. Kf2 $19) 23. Re5 e6 24. Be1 Kf8 25. Kf2 Ke7 26. Re4 a5 {[%cal Ba7a5,Ba5a4,Ba4a3,Ba3a2][%mdl 32]} 27. Ra4 Ra8 28. g4 Kd6 29. g5 Kc5 30. Ke3 Ra7 31. Rh4 a4 32. Bb4+ Kb5 33. Bf8 $2 (33. Ba3 {is a better defense.}) 33... Nc5 34. Bd6 a3 35. Be5 a2 36. Rxh7 Kc4 37. h4 Kd5 (37... Ra3+ $142 38. Kf2 {[#]} Rc3 $1 {[%mdl 512]} 39. Rxf7 a1=Q 40. Bxc3 Kxc3) 38. f4 Ra3+ 39. Kd2 Nb3+ {Precision: White = 13%, Black = 74%.} 0-1

[Event "10th KiiT Festival 2017"]
[Site "Bhubaneshwar"]
[Date "2017.06.02"]
[Round "10"]
[White "Das, Sayantan"]
[Black "Muthaiah AL"]
[Result "0-1"]
[WhiteElo "2396"]
[BlackElo "2289"]
[Annotator "TA"]
[PlyCount "90"]
[EventDate "2017.05.26"]
[EventType "swiss"]
[EventCountry "IND"]
[SourceTitle "playchess.com"]
[Source "ChessBase"]
[SourceQuality "1"]

{[%evp 14,90,51,51,40,27,45,48,45,0,0,-6,71,14,15,5,40,37,124,10,4,0,0,-2,0,-29,10,-14,-8,-6,0,0,0,0,7,0,74,-20,33,0,0,-47,-44,-162,-44,-252,-254,-254,-268,-254,-269,-264,-235,-966,-1116,-1147,-1143,-1084,-1085,-1104,-1035,-1095,-1075,-1290,-1312,-1444,-1381,-1370,-1319,-29982,-29982,-5414,-1013,-29983,-29983,-29989,-29990,-29991,-29988]} 1. e4 d6 2. d4 Nf6 3. Nc3 c6 4. f4 g6 5. Nf3 Bg7 6. Bd3 O-O 7. O-O Na6 8. a3 c5 {B09: Pirc Defence: Austrian Attack} 9. e5 (9. d5 Nc7 10. Qe1 b5 11. Bxb5 Nxe4 12. Qxe4 Bxc3 13. Bc6 Bf6 14. Bxa8 Bf5 15. Qa4 Qxa8 16. c4 {½-½ (62) Maia,M (2291)-Ellis,L (2302) ICCF email 2012}) 9... Nd7 $146 ({Predecessor:} 9... Ng4 10. Bc4 cxd4 11. Qxd4 dxe5 12. Qxd8 Rxd8 13. h3 e4 14. Nxe4 Nh6 15. g4 Nc7 16. a4 {½-½ (76) Gray,G (2058)-Nichols,S (2191) FICGS email 2010}) 10. exd6 cxd4 {White is slightly better.} 11. Nb5 (11. Nd5 $14 exd6 12. f5) 11... exd6 $11 12. b4 Nab8 (12... Nc7 $11) 13. Bb2 (13. Nxd6 $16 Nc6 14. Qe1) 13... Nc6 14. Qd2 Qb6 15. Nxd6 a6 (15... Qc7 $14 16. Nxc8 Raxc8) 16. Kh1 (16. Rae1 $16) 16... Qc7 17. Ne4 Nb6 {[%cal Bd7b6,Bb6a4,Ba4c3][%mdl 32]} 18. c4 Na4 19. Bc1 {[%cal Bb2c1,Bc1d2,Bd2c3][%mdl 32]} f5 20. Nf2 Re8 21. Qc2 Nc3 22. Bd2 b6 23. Rae1 (23. Rfe1 $5 {[%cal Re1e8]} Bd7 24. c5 $11) 23... Bb7 24. c5 h6 (24... Bf6 $11 {keeps the balance.}) 25. Nh4 (25. cxb6 $16 Qxb6 26. Nd1) 25... Ne7 (25... Qf7 $11) 26. Re6 (26. Bxc3 $5 dxc3 27. Qa2+ Nd5 28. Nxg6 $11) 26... bxc5 {Threatens to win with ...c4.} 27. Bxc3 {aiming for Qa2.} Bd5 $36 {[%mdl 2048] Black fights for an advantage.} 28. Qe2 {[#]} (28. Rxe7 $1 $15 Qxe7 29. Nxg6) 28... c4 (28... Qd7 $1 $19 {[%cal Rd7e6]} 29. Bc4 d3 30. Rxe7 dxe2 31. Rxd7 exf1=R+ 32. Bxf1 Bxc3 33. Rxd5 cxb4 34. axb4 Rad8 35. Rxd8 Rxd8) 29. Bxf5 $2 ({White has to play} 29. Nxg6 $15 cxd3 30. Nxd3 Bxe6 31. Qxe6+ Kh7 32. Nxe7 Qxe7 33. Qxf5+ Kg8 34. Bb2 (34. Bxd4 $2 Bxd4 35. Qd5+ Qf7 $19)) 29... gxf5 $19 30. Nxf5 Nxf5 31. Rxe8+ Rxe8 32. Qxe8+ Kh7 33. Ne4 $2 (33. Bd2 Nh4 34. Kg1 Bxg2 35. Qh5) 33... dxc3 34. Ng5+ hxg5 35. Qh5+ Kg8 {Strongly threatening ...Bxg2+.} 36. Qe8+ {[#]} Bf8 $1 37. Qg6+ Ng7 38. f5 Qf7 39. Qxg5 Qh5 40. Qd8 Bf7 41. Qd4 Nxf5 42. Qxc3 Bg7 (42... Bd5 $142 43. Kg1 Bg7 44. Rxf5 Qd1+ 45. Kf2 Bxc3 46. Rg5+ Kf7 47. Rf5+ Ke6 48. Rxd5 Be1+ 49. Kg1 Kxd5 50. g4 Qxg4+ 51. Kf1 Qh4 52. Kg2 Qf2+ 53. Kh3 Qf3#) 43. Qe1 c3 {[%cal Bc4c3,Bc3c2][%mdl 32] Black mates.} 44. Rf3 c2 45. Qd2 Nd4 {Precision: White = 25%, Black = 57%.} 0-1

[Event "10th KiiT Festival 2017"]
[Site "Bhubaneshwar"]
[Date "2017.06.02"]
[Round "10"]
[White "Iniyan, P."]
[Black "Sammed Jaykumar, Shete"]
[Result "1-0"]
[WhiteElo "2392"]
[BlackElo "2263"]
[Annotator "TA"]
[PlyCount "97"]
[EventDate "2017.05.26"]
[EventType "swiss"]
[EventCountry "IND"]
[SourceTitle "playchess.com"]
[Source "ChessBase"]
[SourceQuality "1"]

{[%evp 16,97,-8,-19,-5,-20,-21,-31,2,2,2,2,-1,0,18,-20,-18,-47,-53,-50,-58,-59,9,6,31,18,9,0,14,18,42,20,400,404,406,404,370,170,129,157,129,72,65,39,45,0,0,0,0,0,416,429,405,395,407,435,1340,216,322,279,297,269,248,227,196,141,568,488,548,548,458,394,384,377,352,315,651,642,4618,4618,2324,2027,29979,29981]} 1. d4 Nf6 2. c4 g6 3. Nc3 d5 4. e3 Bg7 5. Nf3 O-O 6. Bd3 c5 7. O-O cxd4 8. exd4 Nc6 9. h3 b6 {D94: Grünfeld: 4 Nf3 Bg7 5 e3} 10. Bf4 Bb7 11. Re1 Rc8 $146 {Black is slightly better.} ({Predecessor:} 11... Nb4 12. cxd5 Nxd3 13. Qxd3 Nxd5 14. Nxd5 Bxd5 {0-1 (60) Garbea,B (2168)-Mekhitarian,K (2511) Arad 2010}) 12. cxd5 Nxd5 13. Nxd5 Qxd5 14. Be4 Qb5 15. d5 Na5 16. Rb1 Rfd8 {[%cal Rb7d5]} 17. b4 {Strongly threatening a4.} Nc4 18. Qb3 f5 (18... Nd6 $15 19. Bd3 Qxd5 20. Rxe7 Rc3 21. Qxd5 Bxd5) 19. Bd3 $11 Bxd5 20. Rxe7 Qc6 21. Bxc4 Bxc4 22. Qe3 Re8 23. Rc1 {Hoping for Rxc4!} b5 $2 {[%mdl 8192] [#]} (23... Rxe7 $11 24. Qxe7 b5) 24. Rxg7+ $1 $18 {[%mdl 512]} Kxg7 25. Qxa7+ Kg8 26. Be5 (26. Ng5 $142 Qf6 27. Qxh7+ Kf8 28. Rd1) 26... Rxe5 27. Nxe5 $40 {[%mdl 128] White goes for the king.} Qd5 28. Nd7 (28. Qe3 $142) 28... Qd6 $16 29. Nb6 Qd2 30. Qa3 Re8 31. Nxc4 bxc4 32. Rxc4 $11 {[%mdl 4096] Endgame aiming for b5. KQR-KQR} (32. Kh2 $5 {[%cal Rc1c4]} Qxf2 33. Rxc4 $11) 32... Qe1+ $2 {[%mdl 8192]} (32... Re1+ $11 {and Black has nothing to worry.} 33. Kh2 Qxf2 34. Qa8+ Kg7 35. Rc7+ Kh6 36. Qf8+ Kg5 37. Qd8+ Kh6 38. Qf8+ Kg5 39. Qd8+ Kh6 40. Qf8+) 33. Kh2 $18 Qxf2 34. Qb3 {Rc7+ would kill now.} Kg7 35. Qc3+ Kh6 (35... Kf7 $142 36. a4 Qb6) 36. Qd4 $2 (36. Qf6 Kh5 {[#]} 37. Rg4 $1 {[%mdl 512]}) 36... Qxd4 (36... Re3 {keeps fighting.} 37. Qf4+ Qxf4+ 38. Rxf4 Kg5) 37. Rxd4 {KR-KR} Re2 38. a4 Kg5 39. b5 {[%cal Bb4b5,Bb5b6,Bb6b7][%mdl 32] Rb4 is the strong threat.} Rb2 40. Rd5 (40. Rc4 $18) 40... Ra2 $2 {[%mdl 8192]} (40... Kf4 $16 {is a better chance.} 41. Rd7 h5) 41. b6 Rxa4 42. Rb5 {Black must now prevent b7.} Ra8 43. b7 Rb8 44. Kg3 Kf6 45. Kf3 Ke6 $2 (45... g5 46. g4 f4) 46. Kf4 Kd6 47. Kg5 Kc6 48. Rb2 Rxb7 49. Rxb7 {Precision: White = 54%, Black = 31%.} 1-0

[Event "10th KiiT Festival 2017"]
[Site "Bhubaneshwar"]
[Date "2017.06.02"]
[Round "10"]
[White "Sardana, Rishi"]
[Black "Aradhya, Garg"]
[Result "1-0"]
[WhiteElo "2390"]
[BlackElo "2304"]
[Annotator "TA"]
[PlyCount "77"]
[EventDate "2017.05.26"]
[EventType "swiss"]
[EventCountry "IND"]
[SourceTitle "playchess.com"]
[Source "ChessBase"]
[SourceQuality "1"]

{[%evp 16,77,44,29,26,0,0,0,9,12,38,43,39,46,50,58,78,72,77,72,79,75,101,88,102,85,92,77,80,70,77,72,75,72,107,91,227,221,244,227,219,23,53,41,504,461,500,475,459,459,459,459,443,438,595,579,29990,29991,29991,29990,29992,29991,29997,430]} 1. d4 d5 2. c4 c5 3. cxd5 Qxd5 4. Nf3 cxd4 5. Nc3 Qa5 6. Nxd4 {D06: Queen's Gambit: Symmetrical and Baltic Defences} Nf6 7. g3 e5 8. Nb3 Qc7 9. Bg2 {LiveBook: 19 Games} Bb4 10. O-O $146 ({Predecessor:} 10. Bg5 Bxc3+ 11. bxc3 {½-½ (29) Ragger,M (2695)-Mista,A (2589) Germany 2016}) 10... Bxc3 11. bxc3 {Ba3 is the strong threat.} O-O $1 12. Bg5 Be6 13. Bxf6 gxf6 14. Bd5 Bxd5 15. Qxd5 Rd8 16. Qf3 Nd7 17. Rfd1 Kg7 18. Nd2 Nc5 19. Nc4 Qc6 20. Qg4+ Kh8 21. Ne3 Qe4 22. Qh5 Qg6 23. Qf3 Ne4 24. c4 Rac8 25. h4 {[#] And now Nf5 would win.} Nc3 (25... h5 $16 {was necessary.}) 26. Rxd8+ $18 Rxd8 27. Ng2 ({Weaker is} 27. Qxb7 Nxe2+ 28. Kf1 Nd4 $11) 27... Nb1 {aiming for ...Rd1+.} 28. h5 $2 (28. Qxb7 $18 Rd1+ 29. Kh2) 28... Rd1+ $11 29. Kh2 Nd2 $2 {[%mdl 8192] [#]} (29... e4 $1 $14 30. hxg6 exf3 31. gxf7 Kg7 32. exf3 Nc3 33. Rxd1 Nxd1) 30. Qa3 $1 $18 Qxh5+ 31. Nh4 {[%cal Ra3f8]} Kg8 32. Rxd1 Qxe2 33. Rxd2 Qxd2 34. Qxa7 Qc2 35. Qc5 {Black must now prevent Qc8+.} Qxa2 36. Qc8+ {White mates.} Kg7 37. Nf5+ Kg6 38. Ne7+ Kg7 39. Qg8+ {Precision: White = 79%, Black = 35%.} 1-0